William Faulkner: a critical study
Kaydedildi:
| Yazar: | |
|---|---|
| Materyal Türü: | Kitap |
| Dil: | English |
| Baskı/Yayın Bilgisi: |
New York, Estados Unidos
Vintage Books
1962
|
| Konular: | |
| Etiketler: |
Etiketle
Etiket eklenmemiş, İlk siz ekleyin!
|
MARC
| LEADER | 00000nam a2200000Ia 4500 | ||
|---|---|---|---|
| 008 | 170316s9999 xx 000 0 eng d | ||
| 040 | |a cru BVZT | ||
| 090 | |a C-810 H-4w | ||
| 100 | |a Howe, Irving | ||
| 245 | |a William Faulkner: a critical study | ||
| 260 | |a New York, Estados Unidos | ||
| 260 | |b Vintage Books | ||
| 260 | |c 1962 | ||
| 300 | |a 299páginas | ||
| 650 | |a LITERATURA ESTADOUNIDENSE | ||
| 650 | |a CRÍTICA | ||
| 942 | |c 15 D | ||
| 999 | |c 12853 |d 12853 | ||
